50 yıllık bir yol hikayesi havalı Apollo'dan AltayTankı'na (Record no. 6892)

MARC details
000 -BAŞLIK
Sabit Uzunlukta Kontrol Alanı 00798na a2200265 4500
001 - KONTROL NUMARASI
Denetim Alanı 16403
003 - KONTROL NUMARASI IDENTIFIER
Denetim Alanı MIRAKIL
005 - SON İŞLEM TARİHİ VE ZAMANI
Denetim Alanı 20181213155122.0
008 - SABİT-BOY VERİ ELEMANLARI - GENEL BİLGİLER
Sabit Uzunlukta Kontrol Alanı 161008b tu 000 0
020 ## - ULUSLARARASI STANDART KİTAP NUMARASI
Uluslararası Standart Kitap Numarası 9789750825644
035 ## - SİSTEM KONTROL NUMARASI
Sistem Kontrol Numarası 16403
040 ## - KATALOGLAMA KAYNAK
Orijinal Kataloglama Ajansı Milas
Kataloglama Dili tur
Metne Dönüştürmek Ajansı TR-AnCHP
041 ## - DİL KODU
Metin / Ses Parça Veya Ayrı Başlığın Dil Kodu tur
082 ## - DEWEY ONLU SINIFLANDIRMA NUMARASI
Sınıflandırma Numarası 629.209561
Ürün Numarası S24e 2013
090 ## - SINIFLAMA NUMARASI
Sınıflama Numarası 629.209561 S24e 2013
100 ## - ANA GİRİŞ - KİŞİSEL İSİM
Kişisel Ad Saka, Füsun
245 ## - BAŞLIK TABLOSU
Başlık 50 yıllık bir yol hikayesi havalı Apollo'dan AltayTankı'na
Başlığın Kalan Otokar
Sorumluluk Tablosu, Vb Füsun Saka; Fotoğraflar Çağrı Kılıçcı
260 ## - YAYIN, DAĞITIM, VB
Yayın, Dağıtım, Vb Yeri İstanbul
Yayıncı, Dağıtıcı, Vs Adı Koç
Yayın, Dağıtım, Vb Tarihi 2013
300 ## - FİZİKSEL TANIM
Kapsam 255 s.
Diğer Fiziksel Ayrıntıları fotğ.
Boyutlar 30 sm.
610 ## - KONU KATMA GİRİŞ - TOPLANTI ADI
Giriş Elemanı Olarak Kurumsal Ad Veya Yargı Alanı Adı Otokar
Genel Alt Bölüm Tarih
650 ## - KONU KATMA GİRİŞ - TOPİKAL DÖNEM
Topikal Süreli Veya Coğrafi Ad Giriş Elemanı Kara taşıtları
Genel Alt Bölümü Şirketler
Coğrafi Alt Bölümü Türkiye
650 ## - KONU KATMA GİRİŞ - TOPİKAL DÖNEM
Topikal Süreli Veya Coğrafi Ad Giriş Elemanı Sanayi
Genel Alt Bölümü Motorlu taşıtlar
Kronolojik Alt Bölümü Tarih
700 ## - KATMA GİRİŞ - KİŞİSEL İSİM
Kişisel Ad Kılıçcı, Çağrı
942 ## - EKLENDİ GİRİŞ ELEMANLARI (KOHA)
Sınıflandırma Veya Raf Düzeni Kaynak
Koha Öğesi Türü Books
999 ## - SİSTEM KONTROL NUMARALARI (KOHA)
Koha Biblionumber 6892
Koha Biblioitemnumber 6892
Holdings
Kalıcı Konum Mevcut Konum Edinme Tarihi Edinim Kaynak Toplam Check-Out'Lar Tam Çağrı Numarası Barkod Tarih Son Görülme İtibaren Geçerli Fiyatlar Koha Öğesi Türü
CHP Kütüphanesi CHP Kütüphanesi 10/05/2016 Bağış   629.209561 S24e 2013 005664 10/05/2016 10/05/2016 Books